000 01188nam0a2200289 i 4500
001 RU\NLR\BIBL_A\010306164
005 20241103124006.0
010 _a9785170821068
_93000
021 _aRU
_b2014-23537
_996д/14
035 _a(NLR Aleph) 010306164
090 _a10618464
_c10618464
100 _a20140415d2014 u y0rusy50 ca
101 0 _arus
102 _aRU
105 _ay|||z||||00yy
200 1 _aМой сад цветет с весны до осени
_e[однолетнки, многолетники, дизайн и уход]
_fГ.А. Кизима
210 _aМосква
_cАСТ
_d2014
215 _a219 с.
_d20
225 1 _aАвторский проект Г. Кизима
606 1 _aЦветочные культуры
_jПопулярные издания
_xЦветение сезонное
_92182742
_3RU\NLR\AUTH\6601548958
606 _aПриусадебное цветоводство
_jПопулярные издания
_91961310
_3RU\NLR\AUTH\66897824
686 1 _aП274,1я9
700 1 _aКизима
_bГ. А.
_gГалина Александровна
942 _cBOOK
980 _aNBR